[Event "IV Copa Marcel Duchamp 2020"]
[Site "Montevideo"]
[Date "2020.02.12"]
[Round "6.1"]
[White "Acosta, Pablo Ismael"]
[Black "Vazquez, Guillermo"]
[Result "1/2-1/2"]
[WhiteElo "2416"]
[BlackElo "2524"]
[Annotator "TA"]
[PlyCount "40"]
[EventDate "2020.02.08"]
[EventType "swiss"]
[EventCountry "URU"]
[SourceTitle "playchess.com"]
[Source "ChessBase"]
[SourceQuality "1"]

{[%evp 12,40,26,22,46,35,28,23,32,8,12,-1,3,8,24,14,14,14,17,22,19,0,0,0,0,0,0,-12,-11,-8,-9]} 1. e4 e5 2. Nf3 Nc6 3. Bb5 Nf6 4. O-O Nxe4 5. Re1 Nd6 6. Nxe5 Be7 7. Bf1 O-O {C67: Ruy Lopez: Berlin Defence: 4 0-0 Nxe4.} 8. d4 Nf5 9. Nf3 d5 {White has an edge.} 10. Bf4 Bd6 11. Qd2 Bxf4 12. Qxf4 Qd6 {[#]} 13. Qxd6 $146 ({Predecessor:} 13. Qd2 Qf6 14. c3 Nd6 15. Ne5 Ne4 16. Qe3 Nxe5 17. dxe5 Qb6 18. Qxb6 axb6 19. c4 {½-½ (56) Sprenger,J (2511)-Pliester,L (2383) Netherlands 2009}) 13... Nxd6 {The position is equal.} 14. Nc3 Be6 15. Nb5 $36 {[%mdl 2048] White has the initiative.} Ne8 16. Ne5 a6 17. Nxc6 {[#] Strongly threatening Ne7+.} axb5 18. Nb4 Nd6 19. Re5 c6 20. Rae1 Rfe8 {Accuracy: White = 100%, Black = 100%.} 1/2-1/2

[Event "IV Copa Marcel Duchamp 2020"]
[Site "Montevideo"]
[Date "2020.02.12"]
[Round "6.2"]
[White "Hernandez Guerrero, Gilberto"]
[Black "Delgado Ramirez, Neuris"]
[Result "1/2-1/2"]
[WhiteElo "2557"]
[BlackElo "2634"]
[Annotator "TA"]
[PlyCount "56"]
[EventDate "2020.02.08"]
[EventType "swiss"]
[EventCountry "URU"]
[SourceTitle "playchess.com"]
[Source "ChessBase"]
[SourceQuality "1"]

{[%evp 18,56,-9,-6,24,10,23,0,2,0,24,8,4,0,6,0,1,8,17,4,11,4,4,6,60,41,41,16,25,42,38,33,33,36,52,0,0,0,0,0,0]} 1. e4 Nf6 2. Nf3 d6 3. Bb5+ Bd7 4. Bxd7+ Qxd7 5. O-O c5 6. Re1 Nc6 7. c3 e6 8. d4 cxd4 9. cxd4 d5 10. e5 Ng8 {B52: Sicilian: Moscow Variation with 3...Bd7.} 11. b3 {[#]} h5 $146 ({Predecessor:} 11... Bb4 12. Re2 Nge7 13. a3 Ba5 14. Qd3 a6 15. b4 Bb6 16. Bb2 Ng6 17. g3 Ba7 {1-0 (55) Schmid,N (1956)-Schwander,L (1746) Winterthur 2012}) 12. Ba3 Bxa3 13. Nxa3 Nge7 14. Qd2 Nf5 15. Rac1 Qe7 16. Nc2 O-O 17. g3 Rfc8 18. Kg2 Rc7 19. Ne3 Nxe3+ 20. Rxe3 a5 ({Better is} 20... Rac8 $11) 21. Rec3 Rac8 22. h4 Nb4 23. Rxc7 Rxc7 24. Rxc7 Qxc7 25. a3 Nc2 $1 26. a4 ({White should play} 26. Qg5 $1 $14 Nxa3 27. Qxh5) 26... Nb4 $11 {The position is equal.} 27. Kf1 Qc2 28. Qxc2 Nxc2 {Accuracy: White = 92%, Black = 94%.} 1/2-1/2

[Event "IV Copa Marcel Duchamp 2020"]
[Site "Montevideo"]
[Date "2020.02.12"]
[Round "6.3"]
[White "Lima, Darcy"]
[Black "Munoz Perez, Rolando"]
[Result "1-0"]
[WhiteElo "2526"]
[BlackElo "2130"]
[Annotator "TA"]
[PlyCount "72"]
[EventDate "2020.02.08"]
[EventType "swiss"]
[EventCountry "URU"]
[SourceTitle "playchess.com"]
[Source "ChessBase"]
[SourceQuality "1"]

{[%evp 25,72,0,0,0,0,0,0,0,2,8,16,0,76,79,63,63,74,72,121,85,214,210,314,309,410,427,513,454,583,562,573,580,751,744,691,729,779,758,827,760,956,962,960,943,928,914,945,847,29988]} 1. d4 Nf6 2. c4 e6 3. Nf3 Bb4+ 4. Bd2 Qe7 5. g3 Nc6 6. Nc3 Bxc3 7. Bxc3 Ne4 8. Rc1 d6 9. Bg2 O-O 10. O-O Nxc3 11. Rxc3 e5 12. d5 Nb8 {[%cal Bc6b8,Bb8a6,Ba6c5,Bc5a4][%mdl 32]} 13. Nd2 a5 14. c5 {E11: Bogo-Indian.} Na6 15. cxd6 cxd6 16. Nc4 {The position is equal.} Qd8 $1 17. Qb3 {next Qb6 is good for White.} Nc5 18. Qb6 {[#]} Qxb6 $146 (18... Na4 $1 $11 19. Qxd8 Rxd8) ({Predecessor:} 18... Na4 19. Qxd6 Nxc3 20. bxc3 Qxd6 21. Nxd6 f6 22. c4 b6 23. Rb1 Ra6 24. Nxc8 Rxc8 25. d6 Rd8 26. Bb7 Ra7 27. Bd5+ {1-0 (27) Gupta,A (2643)-Amin,B (2608) Dubai 2012}) 19. Nxb6 $16 Ra6 20. Nc4 $1 $36 {[%mdl 2048] White is more active.} Na4 {[#]} 21. Rb3 $1 Rd8 22. Rc1 b6 {[#]} (22... Nc5 $16 {keeps fighting.}) 23. Nxd6 $1 $18 {[%mdl 512]} Bg4 (23... Nc5 {is a better defense.}) (23... Rxd6 24. Rxc8+) 24. Nb7 Rb8 25. d6 Ra7 {White is clearly winning.} 26. Rc4 Bd7 27. Rc7 Be6 28. Rb5 g6 29. b3 Nb2 30. a4 Kg7 31. Kf1 Bc8 32. Rxb6 Bxb7 33. Rbxb7 Raxb7 34. Bxb7 Rd8 35. d7 Kf6 36. Bc6 Ra8 {Accuracy: White = 100%, Black = 35%.} 1-0

[Event "IV Copa Marcel Duchamp 2020"]
[Site "Montevideo"]
[Date "2020.02.12"]
[Round "6.4"]
[White "Hungaski, Robert"]
[Black "Garcia Palermo, Carlos"]
[Result "1-0"]
[WhiteElo "2504"]
[BlackElo "2434"]
[Annotator "TA"]
[PlyCount "129"]
[EventDate "2020.02.08"]
[EventType "swiss"]
[EventCountry "URU"]
[SourceTitle "playchess.com"]
[Source "ChessBase"]
[SourceQuality "1"]

{[%evp 25,129,19,35,41,51,5,32,31,22,32,31,8,21,0,19,0,8,0,0,0,0,-19,-16,-20,-23,-16,0,-33,26,55,81,17,23,23,41,23,23,23,23,14,36,25,33,0,0,0,0,0,0,0,0,0,29,25,43,35,203,186,174,186,201,200,381,385,375,381,379,350,350,343,429,426,579,518,513,505,489,487,435,320,245,312,305,305,277,301,275,235,816,630,1234,1228,4134,2496,2849,2664,29966,29967,29967,29968,29967,29966,29974,29968,29969,29966]} 1. e4 c6 2. d4 d5 3. Nc3 dxe4 4. Nxe4 Bf5 5. Ng3 Bg6 6. h4 h6 7. Nf3 Nd7 8. h5 Bh7 9. Bd3 Bxd3 10. Qxd3 e6 11. Bd2 Ngf6 12. O-O-O Bd6 13. Kb1 Qc7 14. Ne4 {B19: Classical Caro-Kann: 4...Bf5 main line.} Bf4 15. c4 Nxe4 16. Qxe4 {White is slightly better.} Bxd2 17. Rxd2 Nf6 18. Qe3 Ng4 19. Qe4 Nf6 20. Qe2 Qf4 {[#]} 21. Rh4 $146 ({Predecessor:} 21. Rd3 O-O 22. Rh4 Qf5 23. Ne5 Rac8 24. g4 Qh7 25. b3 Rfd8 26. Kb2 b5 27. Rh1 Qe4 28. Qxe4 Nxe4 {½-½ (41) Onder,E (2216)-Broniek,M (2235) LSS email 2008}) 21... Qf5+ 22. Kc1 O-O 23. Ne5 Rad8 24. Qf3 Qg5 25. g3 Rd6 26. Kc2 Rfd8 (26... Nd7 $15 27. Nxd7 Rxd7) 27. Rd3 $11 Rc8 28. Qe3 (28. Rf4 $16) 28... Qxe3 29. fxe3 Nd7 30. Nxd7 (30. Ra3 {feels hotter.} a6 31. Rb3 Rc7 32. c5 Rd5 33. Nc4) 30... Rxd7 $14 {[%mdl 4096] Endgame KRR-KRR} 31. Ra3 a6 32. Re4 c5 33. Kc3 Rdc7 34. Ra5 cxd4+ 35. Rxd4 f6 36. b3 Kf7 37. Rd6 Ke7 38. Rb6 g6 39. g4 Rg8 40. hxg6 e5 $2 (40... Rxg6 $14 41. Rh5 Kf7) 41. Rd5 Rxg6 {[#]} 42. Rxe5+ $1 {[%mdl 576] Pin} Kf7 (42... fxe5 43. Rxg6) 43. Re4 f5 $2 (43... Kg7 {might work better.} 44. Rf4 Rf7) 44. Rxg6 $18 Kxg6 {KR-KR} 45. Re6+ Kg5 46. gxf5 h5 47. e4 h4 48. Rg6+ Kh5 49. Rg8 Rh7 50. f6 {aiming for e5.} h3 51. Rg7 Kh6 52. Rg1 h2 53. Rh1 Kg6 54. e5 Rh4 55. b4 Kf7 56. c5 Ke6 $2 (56... Rh3+ 57. Kd4 Ke6) 57. Kb3 a5 58. a3 {[%cal Ba2a3,Ba3b4][%mdl 32]} axb4 59. axb4 Rh7 60. Kc4 Kxe5 {[#]} 61. f7 $1 {[%mdl 576] Deflection. White mates.} Rxf7 62. Rxh2 Ke6 63. Rd2 Rd7 64. Re2+ Kf6 65. Re4 {Accuracy: White = 88%, Black = 58%.} 1-0

[Event "IV Copa Marcel Duchamp 2020"]
[Site "Montevideo"]
[Date "2020.02.12"]
[Round "6.5"]
[White "Liascovich, Lucas"]
[Black "Rodriguez Vila, Andres"]
[Result "1-0"]
[WhiteElo "2425"]
[BlackElo "2492"]
[Annotator "TA"]
[PlyCount "85"]
[EventDate "2020.02.08"]
[EventType "swiss"]
[EventCountry "URU"]
[SourceTitle "playchess.com"]
[Source "ChessBase"]
[SourceQuality "1"]

{[%evp 18,91,0,0,16,6,18,0,12,6,16,0,35,10,43,24,25,27,42,35,17,27,36,17,59,56,61,32,53,12,12,-33,23,10,33,0,0,0,0,0,0,0,0,-10,0,0,0,-54,0,0,210,218,169,184,515,505,514,490,502,501,842,779,1033,998,1089,1077,29974,29975,29979,29980,29981,29982,29981,29978,29978,29976]} 1. d4 e6 2. Nf3 Nf6 3. e3 c5 4. Bd3 Nc6 5. O-O b6 6. b3 Bb7 7. Bb2 Be7 8. Nbd2 O-O 9. a3 Rc8 10. Re1 Re8 {[#] A47: 1 d4 Nf6 2 Nf3 b6: Torre, London and Colle Systems.} 11. dxc5 $146 ({Predecessor:} 11. Rc1 Bf8 12. c4 cxd4 13. exd4 d5 14. Nf1 dxc4 15. bxc4 g6 16. Ne3 Bg7 17. Bb1 Na5 18. Ne5 Nd7 19. Ba2 Nxe5 20. dxe5 h5 21. c5 Rxc5 22. Rxc5 bxc5 {0-1 (30) Rodriguez Vila,A (2508)-Mareco,S (2481) Buenos Aires 2008}) 11... Bxc5 12. b4 Bf8 {The position is equal.} 13. c4 d5 14. e4 dxc4 15. Nxc4 b5 16. Ne3 a6 17. e5 Nd7 18. h4 {And now Bxh7+! would win.} h6 19. Qe2 Qc7 {[%cal Rd7e5]} 20. Rac1 Qb8 $1 {[%cal Rd7e5]} 21. Ng4 Ne7 22. h5 Rxc1 23. Bxc1 (23. Rxc1 {is interesting.} Rc8 24. Bc2 Qa8 25. Qe3 Bxf3 26. gxf3 Qd5 27. Qe4) 23... Nf5 24. Ngh2 Be7 (24... Qc7 $15) 25. Bxf5 $11 exf5 26. e6 (26. Qd3 $5 {[%cal Rd3d7]} Qc8 27. Qxf5 $11) 26... Bd6 27. exf7+ Kxf7 28. Qa2+ Kf8 29. Rd1 Nb6 30. Nf1 Bxf3 31. gxf3 Nc4 32. Ne3 (32. Qb1 $11) 32... Qb7 ({Better is} 32... Qd8 $1 $15 33. f4 Qh4) 33. Kg2 $36 {[%mdl 2048] White is pushing.} ({Avoid the trap} 33. Nxc4 $2 Qxf3 34. Ne3 Rxe3 $19) 33... Rxe3 $2 (33... Qf7 $11 {and Black is okay.} 34. Nxc4 Bb8) 34. Bxe3 $18 ({Weaker is} 34. fxe3 Qf7 $14) 34... Qf7 35. Qc2 {Strongly threatening Bc5.} Qxh5 $2 {[#]} (35... Kg8 {is a better chance.}) 36. Bc5 $1 Bxc5 37. bxc5 {[%mdl 4096] Endgame KQR-KQN} Ne5 38. Qe2 Qg5+ (38... Nf7 $142 39. Qd3 Qg6+ 40. Kf1 Qe6) 39. Kf1 Ng6 40. c6 {[%cal Bc5c6,Bc6c7][%mdl 32] c7 would kill now.} Qh4 41. Qd3 Ne7 42. c7 {White mates.} Kf7 {[#]} 43. Qb3+ {Played: Qd3-d7} 1-0

[Event "IV Copa Marcel Duchamp 2020"]
[Site "Montevideo"]
[Date "2020.02.12"]
[Round "6.6"]
[White "Lopez Azambuja, Nicolas"]
[Black "Hoffman, Alejandro"]
[Result "1/2-1/2"]
[WhiteElo "2310"]
[BlackElo "2472"]
[Annotator "TA"]
[PlyCount "35"]
[EventDate "2020.02.08"]
[EventType "swiss"]
[EventCountry "URU"]
[SourceTitle "playchess.com"]
[Source "ChessBase"]
[SourceQuality "1"]

{[%evp 16,18,43,39,33]} 1. d4 d6 2. Nf3 Nf6 3. c4 Nbd7 4. Nc3 e5 5. e4 Be7 6. Be2 O-O 7. O-O c6 8. Re1 a6 9. Rb1 b5 {[#] has lost popularity (9...Re8). A55: Old Indian Defence with Nf3 and e4.} {Predecessor:} 10. b4 $146 Bb7 11. dxe5 Nxe5 12. Nxe5 dxe5 13. Be3 Qc7 14. Qc2 Rad8 15. Rec1 Rd7 16. c5 Bc8 17. a4 Rdd8 18. Ra1 {0-1 (37) Dunis,A (2505)-Iuldachev,S (2480) Moscow 2006} 1/2-1/2

[Event "IV Copa Marcel Duchamp 2020"]
[Site "Montevideo"]
[Date "2020.02.12"]
[Round "6.7"]
[White "Guerrero, Alvaro"]
[Black "Roselli Mailhe, Bernardo"]
[Result "1/2-1/2"]
[WhiteElo "2094"]
[BlackElo "2433"]
[Annotator "TA"]
[PlyCount "89"]
[EventDate "2020.02.08"]
[EventType "swiss"]
[EventCountry "URU"]
[SourceTitle "playchess.com"]
[Source "ChessBase"]
[SourceQuality "1"]

{[%evp 15,89,0,0,0,0,0,0,0,19,21,22,18,29,28,25,0,22,1,6,-33,-38,-30,-27,-37,-25,-32,-27,-25,-35,-22,-29,-58,-46,-79,-80,-75,-88,-96,-87,-74,-14,-18,-6,-16,0,-12,0,-10,0,0,0,0,0,0,0,0,24,0,0,0,0,0,0,0,0,0,0,0,0,0,0,0,0,0,0,0]} 1. e4 e5 2. Nf3 Nc6 3. d3 Nf6 4. g3 g6 5. Bg2 Bg7 6. O-O O-O 7. Re1 d5 8. Nbd2 Re8 9. c3 {A07: Réti Opening: New York and Capablanca Systems.} a5 10. a4 dxe4 11. dxe4 b6 12. Bf1 Ba6 13. Bxa6 Rxa6 {[#]} 14. Qe2 $146 ({Predecessor:} 14. Qb3 Ra8 15. Nc4 h6 16. Ne3 Qd3 17. Qc4 Qxc4 18. Nxc4 Rad8 19. Be3 {½-½ (19) Rapoport,V (2185)-Stimpel,F (2162) Bad Sooden 2006}) 14... Ra8 15. Qc4 Na7 {[%cal Bc6a7,Ba7c8,Bc8d6,Bd6e4][%mdl 32]} 16. Nf1 Nc8 17. Qc6 Nd6 18. Bg5 Qd7 19. Nxe5 Qxc6 20. Nxc6 {[#] e5 is the strong threat.} Ndxe4 21. Bf4 Nd5 22. Be5 Nc5 {Threatens to win with ...Nd3.} 23. Rad1 Bxe5 24. Nxe5 Nf6 25. Rd4 {[#]} Nfd7 $1 {[%mdl 512]} 26. Nf3 (26. Rxd7 Nxd7) 26... Rxe1 27. Nxe1 {next b4 is good for White.} Ne5 (27... Nf8 $17) 28. Ne3 $11 Nc6 29. Rc4 Ne5 30. Rd4 Nc6 31. Rc4 Re8 32. Nf3 {Hoping for b4.} Re4 33. Rxe4 Nxe4 {[%mdl 4096] Endgame KNN-KNN} 34. Nd5 Nc5 35. Nd2 $1 Nd8 36. b3 Nde6 {The position is equal.} 37. f3 h5 38. Kf2 Kf8 39. Ke3 Ke8 40. h4 Kd7 41. g4 Kd6 42. Nf6 Ke7 43. Nd5+ Kd6 44. Nf6 Ke7 45. Nd5+ {Accuracy: White = 88%, Black = 97%.} 1/2-1/2

[Event "IV Copa Marcel Duchamp 2020"]
[Site "Montevideo"]
[Date "2020.02.12"]
[Round "6.8"]
[White "Dominguez, Facundo"]
[Black "Tristan, Leonardo"]
[Result "0-1"]
[WhiteElo "2135"]
[BlackElo "2533"]
[Annotator "TA"]
[PlyCount "106"]
[EventDate "2020.02.08"]
[EventType "swiss"]
[EventCountry "URU"]
[SourceTitle "playchess.com"]
[Source "ChessBase"]
[SourceQuality "1"]

{[%evp 11,106,52,47,31,48,44,38,-30,16,8,18,0,-4,-8,0,-1,-6,-10,-1,-14,-3,-4,-5,-13,0,-19,5,5,14,10,54,46,74,77,48,25,81,91,96,102,109,20,91,42,40,-5,-1,-14,-14,-21,50,57,39,20,8,8,71,74,391,-26,-16,-16,-16,-91,-60,-44,-44,-60,-44,-44,-44,-45,-63,-54,-40,-80,-80,-127,-97,-136,-160,-183,-169,-216,-209,-266,-266,-426,-411,-404,-386,-600,-582,-6681,-7304,-29984,-474]} 1. e4 d5 2. exd5 Qxd5 3. Nc3 Qa5 4. d4 Nf6 5. Bc4 Bg4 6. Nge2 Nc6 7. f3 {B01: Scandinavian Defence.} Be6 8. Bxe6 fxe6 9. Nf4 {[#]} (9. O-O $14) 9... e5 $146 (9... O-O-O $5 {[%cal Re6e5]} 10. O-O Nxd4 $11) ({Predecessor:} 9... O-O-O 10. Nxe6 Rd6 11. Ng5 Rxd4 12. Qe2 e5 13. O-O Bb4 14. Nce4 Rd7 15. c3 Be7 {½-½ (48) Chulivska,V (2338)-Iljin,T (2416) Donetsk 2009}) 10. dxe5 Qxe5+ 11. Qe2 (11. Kf2 {is interesting.} Rd8 12. Nd3 Qh5 13. Re1 e6 14. Rxe6+ Kf7 15. Re1) 11... Qxe2+ 12. Nfxe2 Nb4 13. Kd1 $1 O-O-O+ 14. Bd2 e5 15. a3 Nc6 {[%cal Bb4c6,Bc6a5,Ba5c4][%mdl 32]} 16. Ng3 Bc5 17. Kc1 Bd4 18. Re1 Rd7 19. Nce4 Rhd8 20. Bg5 Na5 21. Kb1 Nc4 22. c3 Bb6 23. Ka2 h6 (23... Rf8 $11) 24. Bxf6 $16 (24. Nxf6 $6 gxf6 25. Bxf6 Rd2 $11) 24... gxf6 25. Nf5 $1 a5 26. a4 ({Inferior is} 26. Nxf6 Rf7 $17) (26. Re2 $16) 26... h5 (26... Nd2 $1 $11) 27. g4 ({Much worse is} 27. b3 $6 Nd2 $11) 27... Rd3 28. Nxf6 Rxf3 29. Nxh5 Rf2 $36 {[%csl Gc4][%cal Rf2b2][%mdl 2048] White is under pressure.} 30. Rab1 Rdd2 (30... Rd3 $11 31. Ka1 Rxh2) 31. Kb3 $14 Nxb2 32. Rxe5 {And now Re8+ would win.} Kb8 33. Nf6 Rxh2 (33... Nd3 $1 $11 {keeps the balance.} 34. Re8+ Ka7) 34. g5 $16 Rdg2 $2 {[%mdl 8192]} (34... Ka7 $16 {is tougher.}) 35. Nh4 $2 (35. Nd7+ $18 Ka7 36. Nxb6 cxb6 37. Nd6) 35... Rxh4 $11 36. Rxb2 Rg3 37. Rd2 (37. Re8+ $11 {remains equal.} Ka7 38. Ne4) 37... Rb4+ 38. Kc2 Rxa4 {Hoping for ...Ra2+.} 39. Ne4 Ra2+ 40. Kb3 Rxd2 41. Nxg3 $15 {[%mdl 4096] Endgame Strongly threatening g6. KRB-KRN} Rg2 42. Ne4 Ka7 43. Re6 Be3 44. Re5 Ka6 45. c4 b6 46. Re6 Rg4 47. g6 Bd4 48. Re7 Rxg6 49. Rxc7 $2 (49. Rd7 Be5 50. Rd5) 49... Re6 $19 50. Nd2 Re3+ 51. Ka4 (51. Kc2 $142 a4 52. Rd7) 51... Re2 52. Nf3 Bc5 53. Rd7 Ra2+ {Accuracy: White = 52%, Black = 65%.} (53... Re3 $142 54. Ra7+ Kxa7 55. Nd2 Rd3 56. Ne4 {[#]} Rd4 $1 {[%mdl 512]} 57. Nf6 Ka6 58. Kb3 a4+ $1 {[%mdl 512]} 59. Kc2 a3 60. Kb3 Rd3+ 61. Kc2 Rh3 62. Nd7 Bd4 63. Nb8+ Kb7 64. c5 Kxb8 65. Kd2 a2 66. c6 a1=Q 67. c7+ Kxc7 68. Ke2 Qb2+ 69. Kf1 Rh1#) 0-1

[Event "IV Copa Marcel Duchamp 2020"]
[Site "Montevideo"]
[Date "2020.02.12"]
[Round "6.9"]
[White "Larrea, Manuel"]
[Black "Meza, Anahi"]
[Result "1-0"]
[WhiteElo "2243"]
[BlackElo "2046"]
[Annotator "TA"]
[PlyCount "81"]
[EventDate "2020.02.08"]
[EventType "swiss"]
[EventCountry "URU"]
[SourceTitle "playchess.com"]
[Source "ChessBase"]
[SourceQuality "1"]

{[%evp 14,83,60,47,46,41,41,33,41,41,24,29,37,27,52,23,18,27,59,74,136,125,117,123,207,177,233,224,248,253,233,221,238,201,200,181,265,268,262,196,201,193,260,255,254,219,206,0,0,0,0,6,25,0,138,135,273,263,421,384,415,345,354,354,438,433,532,501,535,528,851,849]} 1. e4 c5 2. Nf3 e6 3. d4 cxd4 4. Nxd4 a6 5. Bd3 Bc5 6. Nb3 Be7 7. Qg4 g6 8. Qe2 d6 {B42: Sicilian: Kan Variation: 5 Bd3.} 9. O-O Nd7 10. Na3 Ne5 {White is slightly better. 10...Ne5 is better than 10...Qc7.} 11. Nc4 Nxc4 12. Bxc4 Qc7 13. a4 {[%cal Ba2a4,Ba4a5][%mdl 32]} b6 {[#]} 14. a5 $146 ({Predecessor:} 14. Rd1 Bb7 15. Bd3 h5 16. h3 Nf6 17. Bg5 h4 18. Qf3 Nd7 19. Bxe7 Kxe7 20. Qe3 {0-1 (59) Yu,Y (2760)-Hansen,E (2629) chess.com INT 2018}) 14... b5 15. Bd3 $36 {[%mdl 2048] White has good play.} e5 16. c4 bxc4 (16... b4 $142) 17. Bxc4 $16 Nf6 18. Bh6 Ng4 {[#]} (18... Bf8 $16 19. Bg5 Be7) 19. Bd5 $1 $18 {Rac1 is the strong threat.} Nxh6 (19... Qa7 $142) 20. Bxa8 O-O 21. Bd5 Bg5 22. Nc1 Qa7 23. Bc4 Kg7 24. Qd3 Rd8 (24... f5 {is a better defense.}) 25. Na2 f5 26. Nc3 fxe4 27. Nxe4 Bf5 (27... Be7 {was worth a try.} 28. Bd5 Bd7) 28. Bd5 Ng4 29. Qb3 Rb8 30. Qa3 $2 {[#]} (30. Qf3 $18 Bxe4 31. Bxe4) 30... Bxe4 $1 $11 31. Bxe4 {Hoping for Qc3.} Nxf2 32. Rxf2 Be3 33. Raf1 Qd4 (33... Rf8 $11) 34. Qd3 Qc5 (34... Qxd3 $16 35. Bxd3 Rxb2 {[%mdl 64] Pin}) 35. b3 $18 Rd8 $2 (35... Rb5 36. g3 Qd4) 36. Qd5 Qa7 37. Qb7+ Qxb7 38. Bxb7 d5 39. g3 {White is clearly winning.} Bxf2+ 40. Rxf2 e4 41. Rc2 {Played: Rf2-d2} 1-0

[Event "IV Copa Marcel Duchamp 2020"]
[Site "Montevideo"]
[Date "2020.02.12"]
[Round "6.10"]
[White "Michailov, Matias"]
[Black "Diaz Hollemaert, Nahuel"]
[Result "1-0"]
[WhiteElo "2262"]
[BlackElo "2450"]
[Annotator "TA"]
[PlyCount "73"]
[EventDate "2020.02.08"]
[EventType "swiss"]
[EventCountry "URU"]
[SourceTitle "playchess.com"]
[Source "ChessBase"]
[SourceQuality "1"]

{[%evp 13,79,51,64,30,27,27,48,33,52,27,22,27,83,47,131,117,123,87,87,54,64,29,51,48,144,58,74,53,100,74,230,224,222,143,158,157,382,313,325,322,299,256,368,204,236,242,234,239,229,219,283,287,268,242,243,146,135,60,780,777,1278,1068,6044,5795,3047,2511,29995,29996]} 1. e4 g6 2. d4 d6 3. Nc3 a6 4. a4 b6 5. Nf3 Bg7 6. Bc4 e6 7. O-O Ne7 8. Qe2 {B06: Modern Defence.} O-O 9. Bf4 d5 10. Bb3 {White is slightly better.} Nbc6 11. Rad1 Bb7 12. Rfe1 {[#]} Nb4 $146 (12... Qd7 $11) ({Predecessor:} 12... Qd7 13. exd5 exd5 14. Ne5 Nxe5 15. Bxe5 Rae8 16. Bxg7 Kxg7 17. Qe5+ f6 18. Qf4 Nf5 {½-½ (29) Balashov,Y (2441)-Lopukhin,A (2287) Tambov 2013}) 13. Qd2 c6 (13... c5 $14) 14. a5 $36 {[%mdl 2048] Black must now prevent axb6. White is in control.} c5 15. dxc5 bxc5 16. exd5 Nbxd5 17. Be5 {Ne4 is the strong threat.} Rc8 18. Ne4 f6 {[#]} (18... c4 $1 $14 19. Ba2 Nf5) 19. Bg3 ({White should play} 19. Nfg5 $1 $16 {[%mdl 512]} Qd7 (19... fxg5 20. Bxg7) 20. Nxf6+ $1 {[%mdl 512]} Bxf6 21. Bxf6 Rxf6 22. c4) 19... c4 $14 20. Ba2 {Hoping for Nd6.} e5 21. b4 $1 cxb3 $2 (21... Kh8 $16) 22. Bxb3 $18 Qc7 23. c4 Nf4 24. Bxf4 {aiming for Nxf6+!} exf4 $2 (24... Bxe4 $16 {was necessary.} 25. c5+ (25. Rxe4 exf4 26. c5+ Kh8 $18) 25... Kh8) 25. c5+ Kh8 26. Nd6 Bxf3 27. gxf3 Rb8 (27... Ra8 $142 28. Nf7+ Rxf7) 28. Qxf4 (28. Nf7+ $142 Kg8 29. Qd6 Qxd6 30. cxd6 (30. Nxd6+ Rxb3 31. Rxe7 Rc3 $18)) 28... Nc6 ({Not} 28... Rxb3 $2 29. Nf7+ $1 {[%mdl 512]} Rxf7 30. Qxc7 $18) 29. Bd5 Ne5 30. Qe3 Rb4 31. Rb1 Qxa5 {[#]} 32. Ra1 $1 {[%cal Ra1a5]} Ra4 33. Rxa4 Qxa4 34. f4 Bh6 35. Ne4 ({Better is} 35. Qe4 $16 Qxe4 36. Rxe4) 35... Rd8 $2 {[%mdl 8192]} (35... Qb4 $14 36. Ra1 Qb5) 36. Nxf6 Bxf4 {[#]} 37. Qc3 {Played: Qe3-h3} 1-0

[Event "IV Copa Marcel Duchamp 2020"]
[Site "Montevideo"]
[Date "2020.02.12"]
[Round "6.11"]
[White "Menna Barreto, Felipe Kubiaki"]
[Black "Torella, Rodolfo"]
[Result "1/2-1/2"]
[WhiteElo "2395"]
[BlackElo "2081"]
[Annotator "TA"]
[PlyCount "61"]
[EventDate "2020.02.08"]
[EventType "swiss"]
[EventCountry "URU"]
[SourceTitle "playchess.com"]
[Source "ChessBase"]
[SourceQuality "1"]

{[%evp 12,61,1,-3,20,19,35,37,34,44,58,54,49,32,36,42,44,38,43,40,45,47,46,50,59,60,82,65,64,54,83,49,143,79,83,83,89,50,72,73,76,72,106,97,109,98,96,95,95,98,95,95]} 1. d4 d5 2. Bf4 Nf6 3. e3 e6 4. Nd2 c5 5. c3 Nc6 6. Ngf3 Bd6 7. Bg3 a6 {D02: 1 d4 d5 2 Nf3 sidelines, including 2...Nf6 3 g3 and 2...Nf6 3 Bf4.} 8. Bd3 {[#]} Nh5 $146 ({Predecessor:} 8... O-O 9. Ne5 Ne7 10. O-O b6 11. Bh4 Nf5 12. Bg5 h6 13. Bf4 Bb7 14. h3 Be7 {1-0 (42) Carlsen,M (2834)-Yu,Y (2736) Doha 2015}) 9. Bxd6 Qxd6 {White is slightly better.} 10. O-O g6 11. dxc5 Qxc5 12. c4 O-O 13. cxd5 exd5 14. Rc1 Qd6 15. h3 Re8 16. Nb3 $36 {[%mdl 2048] White has the initiative.} Ng7 17. Qd2 Ne6 18. Rfd1 Qe7 19. Be2 Rd8 20. Na5 Nxa5 21. Qxa5 Qd6 {[#]} (21... d4 $14) 22. Nd4 ({Better is} 22. Bc4 $1) 22... Nxd4 23. Rxd4 Be6 24. Bf3 Rac8 25. Rcd1 {White is better.} Rc5 26. Qb4 Rb5 {[#]} 27. Qd2 $1 Qb6 28. b3 Rc8 29. Bxd5 Bxd5 30. Rxd5 Rxd5 31. Qxd5 {Accuracy: White = 86%, Black = 85%.} 1/2-1/2